Preventing football hooliganism: multi-agency intervention and community schemes

Gespeichert in:  
Bibliographische Detailangaben
1. VerfasserIn: Graham, J. (Verfasst von)
Medienart: Druck Aufsatz
Sprache:Englisch
Veröffentlicht: 1986
In: Research bulletin / Home Office, Research and Planning Unit
Jahr: 1986, Band: 20, Seiten: 9-12
Verfügbarkeit prüfen: HBZ Gateway
Schlagwörter:

MARC

LEADER 00000caa a2200000 c 4500
001 1631586432
003 DE-627
005 20260218132812.0
007 tu
008 130405s1986 xx ||||| 00| ||eng c
035 |a (DE-627)1631586432 
035 |a (DE-576)380835622 
035 |a (DE-599)BSZ380835622 
040 |a DE-627  |b ger  |c DE-627  |e rakwb 
041 |a eng 
100 1 |a Graham, J.  |4 aut 
245 1 0 |a Preventing football hooliganism  |b multi-agency intervention and community schemes  |c J. Graham 
264 1 |c 1986 
336 |a Text  |b txt  |2 rdacontent 
337 |a ohne Hilfsmittel zu benutzen  |b n  |2 rdamedia 
338 |a Band  |b nc  |2 rdacarrier 
773 0 8 |i In  |a Großbritannien. Home Office. Research and Planning Unit  |t Research bulletin / Home Office, Research and Planning Unit  |d London, 1982  |g 20(1986), Seite 9-12  |w (DE-627)13118881X  |w (DE-600)1146590-6  |w (DE-576)034192425  |x 0262-9313  |7 nnas 
773 1 8 |g volume:20  |g year:1986  |g pages:9-12 
951 |a AR 
ELC |b 1 
LOK |0 000 xxxxxcx a22 zn 4500 
LOK |0 001 3282570791 
LOK |0 003 DE-627 
LOK |0 004 1631586432 
LOK |0 005 20260218132812 
LOK |0 008 130405||||||||||||||||ger||||||| 
LOK |0 040   |a DE-21-110  |c DE-627  |d DE-21-110 
LOK |0 689   |a s  |a Hooligans 
LOK |0 852   |a DE-21-110 
LOK |0 852 1  |m p  |9 00 
LOK |0 935   |a k110 
LOK |0 938   |k p 
LOK |0 939   |a 05-04-13  |b l01 
ORI |a WA-MARC-krimdoka001.raw